[Event "7 Player, all play all, UNDER 1500... Have Fun ;D"]
[Site "SchemingMind.com"]
[Date "2010.03.24"]
[Round "-"]
[White "Timaeus"]
[Black "nammy"]
[Result "1-0"]
[WhiteCountry "JPN"]
[BlackCountry "ENG"]
[WhiteElo "1328"]
[WhiteRD "75"]
[BlackElo "878"]
[BlackRD "52"]
[GameID "242986"]

1. d4 Nc6 2. Nf3 d6 3. c3 f6 4. b4 e5 5. e4 d5 6. Bb5 g6 7. Qb3 a6 8. Bd3 exd4 9. exd5 Nce7 10. Qa4+ Kf7
11. c4 g5 12. Nxd4 Qd6 13. Nc3 Nh6 14. c5 Qe5+ 15. Nde2 Nxd5 16. Nxd5 Qxd5 17. Qb3 Qe6 18. Bc4 b6 19. Bxe6+ Ke8 20. Nd4 Bb7
21. O-O Rd8 22. Bb2 Bg7 23. Qe3 Bf8 24. Bd5+ Kd7 25. Bxb7 Rb8 26. Qe6+ Kd8 27. Nc6#
1-0

[Event "7 Player, all play all, UNDER 1500... Have Fun ;D"]
[Site "SchemingMind.com"]
[Date "2010.03.23"]
[Round "-"]
[White "Timaeus"]
[Black "maro"]
[Result "1-0"]
[WhiteCountry "JPN"]
[BlackCountry "MEX"]
[WhiteElo "1381"]
[WhiteRD "74"]
[BlackElo "1257"]
[BlackRD "58"]
[GameID "242987"]

1. Nf3 d6 2. d4 Nc6 3. c3 e5 4. d5 e4 5. Ng5 f6 6. Nxe4 Bf5 7. dxc6 Bxe4 8. cxb7 Bxb7 9. e3 Qd7 10. Qh5+ g6
11. Qb5 Bc6 12. Qd3 Bh6 13. f3 Ne7 14. Nd2 d5 15. e4 Bb5 16. c4 dxc4 17. Qxd7+ Bxd7 18. Nxc4 Bxc1 19. Rxc1 O-O 20. Bd3 Nc6
21. Ne3 Nd4 22. Rxc7 Nb5 23. Rxd7
1-0

[Event "7 Player, all play all, UNDER 1500... Have Fun ;D"]
[Site "SchemingMind.com"]
[Date "2010.03.28"]
[Round "-"]
[White "Timaeus"]
[Black "BigDaddy"]
[Result "1-0"]
[WhiteCountry "JPN"]
[BlackCountry "AUT"]
[WhiteElo "1433"]
[WhiteRD "72"]
[BlackElo "1294"]
[BlackRD "58"]
[GameID "242988"]

1. d4 Nf6 2. Nc3 d5 3. Nf3 Nc6 4. Bf4 Bg4 5. e3 e6 6. Qd2 Bxf3 7. gxf3 Bb4 8. Bh3 Bxc3 9. Qxc3 Qe7 10. Rg1 g6
11. O-O-O Nb4 12. Qb3 O-O 13. Bg5 Rfd8 14. Bxf6 Qxf6 15. Qxb4 b6 16. Rg3 a5 17. Qd2 Qh4 18. f4 f5 19. f3 Qh6 20. e4 dxe4
21. fxe4 Kf7 22. d5 Kg7 23. Qc3+ Kf8 24. Qxc7 Rab8 25. exf5 exf5 26. a4 Rdc8 27. Qd6+ Ke8 28. Bxf5
1-0

[Event "7 Player, all play all, UNDER 1500... Have Fun ;D"]
[Site "SchemingMind.com"]
[Date "2010.03.24"]
[Round "-"]
[White "Timaeus"]
[Black "Olli Ylönen"]
[Result "0-1"]
[WhiteCountry "JPN"]
[BlackCountry "FIN"]
[WhiteElo "1328"]
[WhiteRD "75"]
[BlackElo "1389"]
[BlackRD "103"]
[GameID "242989"]

1. c3 Nf6 2. d4 g6 3. Nf3 Bg7 4. Bg5 O-O 5. Bxf6 Bxf6 6. e4 d6 7. Bc4 e6 8. Nbd2 e5 9. O-O Bg7 10. Qb3 Qe7
11. Rfe1 b6 12. h4 Bg4 13. Ng5 exd4 14. Bd5 dxc3 15. bxc3 c6 16. Bxf7+ Rxf7 17. Nxf7 Qxf7 18. f3 Qxb3 19. Nxb3 Bxc3 20. fxg4 Bxa1
21. Nxa1 Nd7 22. Rd1 Nc5 23. Rxd6 Nxe4 24. Rxc6 Rf8 25. h5 gxh5 26. gxh5 Rf2 27. Re6 Rxa2 28. Nb3 Ng3 29. Nd4 Nxh5 30. Nc6 Nf4
31. Re8+ Kf7 32. Re7+ Kg6 33. Ne5+ Kf6 34. Nc6 Rxg2+ 35. Kf1 Rg7 36. Re3 h5 37. Rf3 Kf5 38. Nd4+ Ke4 39. Kf2 Nd3+ 40. Ke2 Rg2+
0-1

[Event "7 Player, all play all, UNDER 1500... Have Fun ;D"]
[Site "SchemingMind.com"]
[Date "2010.03.25"]
[Round "-"]
[White "aliwood"]
[Black "Timaeus"]
[Result "0-1"]
[WhiteCountry "ENG"]
[BlackCountry "JPN"]
[WhiteElo "1121"]
[WhiteRD "62"]
[BlackElo "1433"]
[BlackRD "72"]
[GameID "242990"]

1. e4 e5 2. Nf3 Nf6 3. d4 Bd6 4. dxe5 Bxe5 5. Nxe5 O-O 6. Nc3 d6 7. Nf3 Bg4 8. Be2 Bxf3 9. Bxf3 a5 10. O-O Nc6
11. Re1 Qd7 12. Bd2 a4 13. a3 Rfe8 14. Bg5 Qe6 15. Nd5 Ne5 16. Nxc7 Nxf3+ 17. Qxf3 Nxe4 18. Nxe6 Rxe6 19. Rxe4 Ra5 20. Bf4 g5
21. Rxe6 fxe6 22. Bxg5 Rxg5 23. Qxb7 Re5 24. h3 Rd5 25. Re1 e5
0-1

[Event "7 Player, all play all, UNDER 1500... Have Fun ;D"]
[Site "SchemingMind.com"]
[Date "2010.03.25"]
[Round "-"]
[White "Manfred Kraut"]
[Black "Timaeus"]
[Result "0-1"]
[WhiteCountry "GER"]
[BlackCountry "JPN"]
[WhiteElo "1352"]
[WhiteRD "69"]
[BlackElo "1328"]
[BlackRD "75"]
[GameID "242991"]

1. d4 d5 2. Nf3 Nf6 3. e3 e6 4. Bd3 a5 5. b3 c5 6. O-O Bd7 7. Bb2 Bd6 8. Nbd2 Bc6 9. Ne5 cxd4 10. Bxd4 O-O
11. f4 a4 12. Nxc6 Nxc6 13. Bc3 Bc5 14. Qf3 Qb6 15. Qg3 Bxe3+ 16. Kh1 Nh5 17. Qh4 Bxd2 18. Bxd2 g6 19. f5 Qd8 20. Qxd8 Rfxd8
21. fxg6 hxg6 22. Bb5 axb3 23. axb3 Nd4 24. Bd3 Rdc8 25. c3 Rxa1 26. Rxa1 Nxb3 27. Ra2 Nxd2 28. Rxd2 d4 29. cxd4 Rc1+
0-1

[Event "7 Player, all play all, UNDER 1500... Have Fun ;D"]
[Site "SchemingMind.com"]
[Date "2010.03.24"]
[Round "-"]
[White "nammy"]
[Black "Timaeus"]
[Result "1/2-1/2"]
[WhiteCountry "ENG"]
[BlackCountry "JPN"]
[WhiteElo "878"]
[WhiteRD "53"]
[BlackElo "1376"]
[BlackRD "79"]
[GameID "242992"]

1. e4 e5 2. Nf3 Nc6 3. c3 Nf6 4. d4 Bd6 5. Nbd2 b6 6. Nc4 Nxe4 7. Qd3 Nxf2 8. Kxf2 Ba6 9. h4 Qf6 10. Qe2 O-O-O
11. Ne3 Bxe2=
1/2-1/2

[Event "7 Player, all play all, UNDER 1500... Have Fun ;D"]
[Site "SchemingMind.com"]
[Date "2010.03.24"]
[Round "-"]
[White "maro"]
[Black "Timaeus"]
[Result "0-1"]
[WhiteCountry "MEX"]
[BlackCountry "JPN"]
[WhiteElo "1257"]
[WhiteRD "58"]
[BlackElo "1381"]
[BlackRD "74"]
[GameID "242993"]

1. c4 d5 2. e3 Nf6 3. c5 e5 4. Nf3 Nc6 5. Bb5 Bxc5 6. Nxe5 Bd7 7. Nxf7 Kxf7 8. Qf3 Re8 9. Nc3 Bg4 10. Qf4 d4
11. Ne4 Rxe4 12. Bc4+ Kf8 13. Qg5 dxe3 14. Qxc5+ Qe7 15. Qxe7+ Nxe7 16. dxe3 Rxc4 17. Bd2 Rc2 18. b3 Rd8
0-1

[Event "7 Player, all play all, UNDER 1500... Have Fun ;D"]
[Site "SchemingMind.com"]
[Date "2010.03.28"]
[Round "-"]
[White "BigDaddy"]
[Black "Timaeus"]
[Result "0-1"]
[WhiteCountry "AUT"]
[BlackCountry "JPN"]
[WhiteElo "1294"]
[WhiteRD "58"]
[BlackElo "1433"]
[BlackRD "72"]
[GameID "242994"]

1. e4 Nc6 2. d4 e5 3. Nf3 Bd6 4. d5 Nce7 5. Nc3 Nf6 6. Be3 c5 7. Bc4 Qa5 8. Bd2 Rb8 9. Nb5 Qb6 10. Bg5 Nxe4
11. Bxe7 Bxe7 12. Nxe5 Nd6 13. a4 Qa5+ 14. c3 Nxc4 15. Qf3 Nxe5 16. Qg3 d6 17. Qxg7 Ng6 18. O-O a6 19. Na7 Bg5 20. Rfe1+ Be7
21. h4 c4 22. h5 Rf8 23. hxg6 hxg6 24. Re2 Qxd5 25. Rae1 Be6 26. Qd4 Ra8
0-1

[Event "7 Player, all play all, UNDER 1500... Have Fun ;D"]
[Site "SchemingMind.com"]
[Date "2010.03.24"]
[Round "-"]
[White "Olli Ylönen"]
[Black "Timaeus"]
[Result "1-0"]
[WhiteCountry "FIN"]
[BlackCountry "JPN"]
[WhiteElo "1389"]
[WhiteRD "103"]
[BlackElo "1328"]
[BlackRD "75"]
[GameID "242995"]

1. e4 d5 2. exd5 Qxd5 3. Nc3 Qd8 4. d4 g6 5. Nf3 Bg7 6. Bc4 Bg4 7. Bf4 e6 8. Qd3 Bf5 9. Ne4 Nd7 10. Nh4 Qxh4
11. g3 Bxe4 12. Qxe4 Nc5 13. dxc5 Qf6 14. Qxb7 Rd8 15. Bxc7 Qe7 16. Qxa7 Rd7 17. Qb8+ Rd8 18. Bxd8 Qxd8 19. Qxd8+ Kxd8 20. O-O-O+ Ke7
21. c6 Be5 22. f4 Bc7 23. Rd7+ Ke8 24. Rxc7 Kd8 25. Rxf7 Ne7 26. Rd1+ Ke8 27. Bxe6 Nc8 28. c7 Rf8 29. Rd8#
1-0